书目信息 |
| 题名: |
苏格拉底的心灵睿语
|
|
| 作者: | 杨晓霜 编著 | |
| 分册: | ||
| 出版信息: | 北京 中国纺织出版社 2015 |
|
| 页数: | 10,351页 | |
| 开本: | 24cm | |
| 丛书名: | ||
| 单 册: | ||
| 中图分类: | B502.231 | |
| 科图分类: | ||
| 主题词: | 古希腊罗马哲学--研究 | |
| 电子资源: | ||
| ISBN: | 978-7-5180-1746-1 | |
| 000 | 01082nam0 2200253 450 | |
| 001 | 012001001396 | |
| 005 | 20140921103355.0 | |
| 010 | @a978-7-5180-1746-1@dCNY39.80 | |
| 100 | @a20151101d2015 em y0chiy50 ea | |
| 101 | 0 | @achi |
| 102 | @aCN@b110000 | |
| 105 | @ay z 000yy | |
| 106 | @ar | |
| 200 | 1 | @a苏格拉底的心灵睿语@9su ge la di de xin ling rui yu@f杨晓霜编著 |
| 210 | @a北京@c中国纺织出版社@d2015 | |
| 215 | @a10,351页@d24cm | |
| 300 | @a沧海点石 | |
| 330 | @a本书是一部苏格拉底思想的精华读本,是苏拉格底哲思语录的集结,更是一部心灵抚慰书。书中对苏格拉底一生经典思想和超人智慧的进行细致阐释,同时穿插了一个个与苏格拉底相关的智慧小故事,并从做人、做事、交友、婚恋、社交、工作、成功、命运等多个方面,给予读者启迪。浅显活泼的文字,让你犹如面对面地与苏格拉底对话,聆听他的教诲,从而更好地提高自己,修炼自己。 | |
| 600 | 0 | @a苏格拉底@c(Socrates@f前469-前399)@x哲学思想@x研究 |
| 606 | 0 | @a古希腊罗马哲学@x研究 |
| 690 | @aB502.231@v5 | |
| 701 | 0 | @a杨晓霜@9yang xiao shuang@f(1980-)@4编著 |
| 801 | 0 | @aCN@b上海新华@c20180901 |
| 905 | @b1156347-51@dB502.231@e128@f5 | |
| 苏格拉底的心灵睿语/杨晓霜编著.-北京:中国纺织出版社,2015 |
| 10,351页;24cm |
| 沧海点石 |
| ISBN 978-7-5180-1746-1:CNY39.80 |
| 本书是一部苏格拉底思想的精华读本,是苏拉格底哲思语录的集结,更是一部心灵抚慰书。书中对苏格拉底一生经典思想和超人智慧的进行细致阐释,同时穿插了一个个与苏格拉底相关的智慧小故事,并从做人、做事、交友、婚恋、社交、工作、成功、命运等多个方面,给予读者启迪。浅显活泼的文字,让你犹如面对面地与苏格拉底对话,聆听他的教诲,从而更好地提高自己,修炼自己。 |
| ● |
| 相关链接 |
|
|
|
|
正题名:苏格拉底的心灵睿语
索取号:B502.231/128
 
预约/预借
| 序号 | 登录号 | 条形码 | 馆藏地/架位号 | 状态 | 备注 |
| 1 | 1156347 | 211563477 | 第一样本阅览室/ [索取号:B502.231/128] | 在馆 | |
| 2 | 1156348 | 211563486 | 第一借阅区/ [索取号:B502.231/128] | 在馆 | |
| 3 | 1156349 | 211563495 | 第一借阅区/ [索取号:B502.231/128] | 在馆 | |
| 4 | 1156350 | 211563501 | 第一借阅区/ [索取号:B502.231/128] | 在馆 | |
| 5 | 1156351 | 211563510 | 第一借阅区/ [索取号:B502.231/128] | 在馆 |